The role of government in internationalisation of Malaysian housing developers (Record no. 106453)

MARC details
000 -LEADER
fixed length control field 01150cam a2200217 4500
001 - CONTROL NUMBER
control field L136608
008 - FIXED-LENGTH DATA ELEMENTS--GENERAL INFORMATION
fixed length control field 070212n2005 000 0 eng u
020 ## - INTERNATIONAL STANDARD BOOK NUMBER
International Standard Book Number 1741071011
035 ## - SYSTEM CONTROL NUMBER
System control number (Sirsi) u136608
041 0# - LANGUAGE CODE
Language code of text/sound track or separate title eng
100 1# - MAIN ENTRY--PERSONAL NAME
Personal name Awil, Ahmed Usman
245 04 - TITLE STATEMENT
Title The role of government in internationalisation of Malaysian housing developers
Medium [electronic resource]
260 ## - PUBLICATION, DISTRIBUTION, ETC.
Place of publication, distribution, etc. Brisbane
Name of publisher, distributor, etc. Queensland University of Technology
Date of publication, distribution, etc. 2005
490 #0 - SERIES STATEMENT
Series statement COBRA
Volume/sequential designation 2005
520 ## - SUMMARY, ETC.
Summary, etc. Discusses the competitive advantages that Malaysian housing developer's possess in terms of political leadership. Reports that governmental initiatives have been important in leading Malaysian developers to certain developing countries, yet that developers have not exploited those opportunities by changing their practices within Malaysia or by focusing on internationalisation.
651 #4 - SUBJECT ADDED ENTRY--GEOGRAPHIC NAME
Geographic name MALAYSIA
690 ## - LOCAL SUBJECT ADDED ENTRY--TOPICAL TERM (OCLC, RLIN)
Topical term or geographic name as entry element PROPERTY-RESIDENTIAL PROPERTY-RESIDENTIAL PROPERTY DEVELOPMENT
700 1# - ADDED ENTRY--PERSONAL NAME
Personal name Aziz, Abdul Rashid Abdul
856 40 - ELECTRONIC LOCATION AND ACCESS
Uniform Resource Identifier <a href="https://www.rics.org/site/scripts/download_info.aspx?downloadID=1742">https://www.rics.org/site/scripts/download_info.aspx?downloadID=1742</a>
Public note View the item free of charge at www.rics.org...
942 ## - ADDED ENTRY ELEMENTS (KOHA)
Suppress in OPAC 0
Holdings
Withdrawn status Lost status Source of classification or shelving scheme Damaged status Not for loan Home library Current library Shelving location Date acquired Total Checkouts Full call number Barcode Date last seen Copy number Price effective from Koha item type
    Dewey Decimal Classification     Virtual Virtual Online 12/02/2007   ONLINE PUBLICATION 136608-1001 06/08/2019 1 06/08/2019 Book